000 00677nam a2200253Ia 4500
003 OSt
005 20221007095159.0
006 a|||||r|||| 00| 0
007 ta
008 221006b |||||||| |||| 00| 0 eng d
020 _a8178351455
024 _a1,015
037 _cReference Collections
040 _aLCO
_cLCO
_beng
041 _2eng
_aeng
082 _aV1:5, P5
100 _aJaiswal J.
_9700926
245 0 _aHuman Rights of Accused and Juveniles
260 _aDelhi
_bKalpaz Publications Indiaq
_c2005
300 _a322
650 _aDelinquent
_9700927
942 _hV1:5, P5
_cREF
999 _c1170578
_d1170578